00524nam a2200169Ia 4500003000900000008004100009040001600050080001500066100001900081245011600100250001200216260003900228300001700267650002300284650002400307650002300331IN-BaIIA211028s9999 xx 000 0 eng d cIIA Library a539.8bLOV aLove, A. E. H. 2aA treatise on the mathematical theory of elasticitycA. E. H. Love  a4th ed. aNew YorkbDover Publicationsc1944 axviii, 643p. aElastic properties aMathematical theory aPlastic properties